| 000 | 00386cam a22001451 4500 | ||
|---|---|---|---|
| 040 | _cICU | ||
| 082 | 0 | 0 | _a574 ADD 1967 A082 Or. |
| 100 | 1 | _aBaker, Jeffrey J. W. | |
| 245 | 1 | 4 | _aThe study of biology |
| 260 |
_aReading, Mass., _bAddison-Wesley Pub. Co. _c[1967] |
||
| 300 |
_axv, 667 p. _billus. (part col.) _c24 cm. |
||
| 650 | 0 | _aBiology. | |
| 700 | 1 | _aAllen, Garland E., | |
| 942 | _cEK | ||
| 999 |
_c15990 _d15990 |
||